[Event "BL2-Nord 1819"]
[Site "Germany"]
[Date "2019.02.24"]
[Round "8.7"]
[White "Seils, Joerg"]
[Black "Polischuk, Viktor"]
[Result "1/2-1/2"]
[WhiteElo "2316"]
[BlackElo "2281"]
[PlyCount "85"]
[EventDate "2018.11.10"]
[EventType "team-tourn"]
[EventRounds "10"]
[EventCountry "GER"]
[SourceTitle "CBM 190 Extra"]
[Source "ChessBase"]
[SourceDate "2019.07.15"]
[SourceVersion "1"]
[SourceVersionDate "2019.07.15"]
[SourceQuality "1"]
[WhiteTeam "Berlin Rotation"]
[BlackTeam "Norderstedt"]
[WhiteTeamCountry "GER"]
[BlackTeamCountry "GER"]

1. e4 c5 2. Nf3 e6 3. b3 d5 4. exd5 Qxd5 5. Bb2 Nf6 6. Nc3 Qd8 7. d4 cxd4 8. Qxd4 Qxd4 9. Nxd4 a6 10. Be2 e5 11. Nf3 Nc6 12. Na4 e4 13. Nd4 Nxd4 14. Bxd4 Bf5 15. Nb6 Rd8 16. c3 Be7 17. 0-0 0-0 18. Rfd1 Nd5 19. Nxd5 Rxd5 20. Bb6 Rxd1+ 21. Rxd1 Rc8 22. c4 Kf8 23. g4 Rc6 24. Be3 Bc8 25. Rd5 g6 26. f3 Be6 27. Rd1 exf3 28. Bxf3 Rc7 29. Bf4 Bc5+ 30. Kg2 Rd7 31. Rxd7 Bxd7 32. Bxb7 Bxg4 33. Bxa6 Be7 34. Bb7 Bf5 35. Bd2 Ba3 36. b4 Bb1 37. c5 Bxa2 38. Bf3 Bc4 39. Kf2 Bb2 40. Be2 Bd4+ 41. Be3 Bxe3+ 42. Kxe3 Bxe2 43. Kxe2 1/2-1/2

[Event "Bundesliga 1718"]
[Site "Germany"]
[Date "2018.02.25"]
[Round "10.8"]
[White "Polischuk, Viktor"]
[Black "Braun, Arik"]
[Result "0-1"]
[WhiteElo "2302"]
[BlackElo "2574"]
[PlyCount "82"]
[EventDate "2017.10.21"]
[EventType "team-tourn"]
[EventRounds "15"]
[EventCountry "GER"]
[SourceTitle "CBM 183"]
[Source "ChessBase"]
[SourceDate "2018.03.14"]
[SourceVersion "1"]
[SourceVersionDate "2018.03.14"]
[SourceQuality "1"]
[WhiteTeam "Norderstedt"]
[BlackTeam "Hockenheim"]
[WhiteTeamCountry "GER"]
[BlackTeamCountry "GER"]

1. e4 c6 2. d4 d5 3. Nc3 dxe4 4. Nxe4 Bf5 5. Ng3 Bg6 6. h4 h6 7. Nf3 Nd7 8. h5 Bh7 9. Bd3 Bxd3 10. Qxd3 e6 11. Bd2 Ngf6 12. 0-0-0 Be7 13. Ne4 Qb6 14. Nxf6+ Bxf6 15. g4 c5 16. Bc3 cxd4 17. Bxd4 Qa5 18. Qb3 0-0 19. g5 hxg5 20. h6 g6 21. Qxb7 Bxd4 22. Nxd4 Nc5 23. h7+ Kh8 24. Qf3 f6 25. a3 e5 26. Nc6 Qc7 27. Nb4 Rac8 28. c3 a5 29. Nd5 Qb7 30. Qe2 Rb8 31. f3 Rf7 32. Qc2 a4 33. Rh2 f5 34. Qe2 Nd7 35. Nb4 Re8 36. Rd6 Rg7 37. Nc6 Qc7 38. Qd2 e4 39. fxe4 Nc5 40. Qd5 Nxe4 41. Ne7 Qxe7 0-1

[Event "BL2-Nord 1617"]
[Site "Germany"]
[Date "2017.02.19"]
[Round "6.6"]
[White "Hoerstmann, Rudi"]
[Black "Polischuk, Viktor"]
[Result "1/2-1/2"]
[WhiteElo "2246"]
[BlackElo "2295"]
[PlyCount "162"]
[EventDate "2016.10.16"]
[EventType "team-tourn"]
[EventRounds "9"]
[EventCountry "GER"]
[SourceTitle "EXT 2018"]
[Source "ChessBase"]
[SourceDate "2017.10.13"]
[SourceVersion "1"]
[SourceVersionDate "2017.10.13"]
[SourceQuality "1"]
[WhiteTeam "Lister Turm"]
[BlackTeam "Norderstedt"]
[WhiteTeamCountry "GER"]
[BlackTeamCountry "GER"]

1. d4 Nf6 2. c4 c5 3. d5 b5 4. cxb5 a6 5. bxa6 g6 6. Nc3 Bxa6 7. Nf3 d6 8. e4 Bxf1 9. Kxf1 Bg7 10. g3 0-0 11. Kg2 Nbd7 12. a4 Ra6 13. Qc2 Qa8 14. Ra3 e6 15. dxe6 fxe6 16. Re1 d5 17. exd5 exd5 18. Nb5 Qb7 19. Ng5 Ng4 20. Bf4 Nge5 21. Bxe5 Nxe5 22. Rxe5 Bxe5 23. Qxc5 Bxb2 24. Rd3 Bf6 25. Qxd5+ Qxd5+ 26. Rxd5 Bxg5 27. Rxg5 Rxa4 28. Nc3 Rc4 29. Ne2 Rf5 30. Rxf5 gxf5 31. Nf4 Kf7 32. Kf3 Rc3+ 33. Kg2 Ra3 34. Nd5 Ke6 35. Ne3 Rb3 36. Kf3 Ke5 37. Kg2 Ke4 38. Nf1 Rb2 39. Ne3 f4 40. gxf4 Kxf4 41. Nd5+ Ke5 42. Ne3 Ke4 43. Kg3 Rb6 44. Kg4 Rg6+ 45. Kh5 Kf3 46. Nf5 Kxf2 47. Nh6 Kf3 48. Nf7 Kf4 49. h4 Kf5 50. Ng5 Ra6 51. Nxh7 Rb6 52. Ng5 Rb7 53. Kh6 Kg4 54. Kg6 Rb6+ 55. Kf7 Kf5 56. Ke7 Rb4 57. Kd6 Rd4+ 58. Ke7 Ra4 59. Nf7 Ra7+ 60. Ke8 Kf6 61. Nd8 Rh7 62. h5 Rxh5 63. Kd7 Rh1 64. Nc6 Rd1+ 65. Kc7 Ke6 66. Nd8+ Kd5 67. Kd7 Rh1 68. Ke7 Rh6 69. Nf7 Re6+ 70. Kd7 Ra6 71. Ke7 Ke4 72. Nd6+ Kd5 73. Nf7 Rb6 74. Nd8 Rb8 75. Kd7 Ra8 76. Ke7 Ra7+ 77. Kf6 Ke4 78. Nf7 Kf4 79. Ke6 Ra6+ 80. Nd6 Rb6 81. Kd5 Rxd6+ 1/2-1/2

[Event "BL2-Nord 1617"]
[Site "Germany"]
[Date "2016.10.16"]
[Round "1.5"]
[White "Polischuk, Viktor"]
[Black "Reinecker, Kai"]
[Result "0-1"]
[WhiteElo "2306"]
[BlackElo "2246"]
[PlyCount "110"]
[EventDate "2016.10.16"]
[EventType "team-tourn"]
[EventRounds "9"]
[EventCountry "GER"]
[SourceTitle "CBM 175 Extra"]
[Source "ChessBase"]
[SourceDate "2016.12.12"]
[SourceVersion "1"]
[SourceVersionDate "2016.12.12"]
[SourceQuality "1"]
[WhiteTeam "Norderstedt"]
[BlackTeam "Preetz"]
[WhiteTeamCountry "GER"]
[BlackTeamCountry "GER"]

1. e4 e5 2. Nf3 Nf6 3. Nc3 Nc6 4. d4 exd4 5. Nxd4 Bb4 6. Nxc6 bxc6 7. Bd3 d5 8. exd5 cxd5 9. 0-0 0-0 10. Bg5 c6 11. Na4 Qd6 12. Qf3 Bg4 13. Qf4 Qxf4 14. Bxf4 Rfe8 15. a3 Bf8 16. Rfe1 c5 17. Nc3 c4 18. Bf1 Bf5 19. Be5 Ne4 20. Bd4 Nxc3 21. Bxc3 Bxc2 22. Bd4 a5 23. Rac1 Bf5 24. g3 g6 25. Bg2 Rxe1+ 26. Rxe1 Be6 27. Rd1 a4 28. f4 Ra5 29. Kf2 Rb5 30. Rd2 Bd7 31. Bf3 Bc6 32. Bd1 Rb8 33. Re2 Bg7 34. Bxg7 Kxg7 35. Rd2 d4 36. Rxd4 Rxb2+ 37. Ke3 Bb5 38. Rd5 c3 39. Rc5 Rxh2 40. Kd4 Rd2+ 41. Kxc3 Rxd1 42. Rxb5 Rg1 43. Kb4 Rxg3 44. Kxa4 h5 45. Rb1 h4 46. Rh1 h3 47. Kb4 Rf3 48. a4 Rxf4+ 49. Kb5 Rh4 50. a5 g5 51. a6 g4 52. a7 Rh8 53. Kc6 Kg6 54. Kb7 Kg5 55. Re1 h2 0-1

[Event "Bundesliga 1516"]
[Site "Germany"]
[Date "2016.04.24"]
[Round "15.5"]
[White "Gauglitz, Gernot"]
[Black "Polischuk, Viktor"]
[Result "0-1"]
[WhiteElo "2389"]
[BlackElo "2321"]
[PlyCount "68"]
[EventDate "2015.09.18"]
[EventType "team-tourn"]
[EventRounds "15"]
[EventCountry "GER"]
[SourceTitle "CBM 172"]
[Source "ChessBase"]
[SourceDate "2016.05.12"]
[SourceVersion "1"]
[SourceVersionDate "2016.05.12"]
[SourceQuality "1"]
[WhiteTeam "Dresden TU"]
[BlackTeam "Norderstedt"]
[WhiteTeamCountry "GER"]
[BlackTeamCountry "GER"]

1. d4 Nf6 2. Nf3 c5 3. c3 e6 4. g3 d5 5. Bg2 Be7 6. 0-0 0-0 7. Nbd2 b6 8. Ne5 Bb7 9. e3 Qc7 10. f4 Nc6 11. h4 Rad8 12. Qe2 Qc8 13. Rf2 Rde8 14. Nd3 Ba6 15. g4 Nxg4 16. Qxg4 Bxd3 17. h5 Bf5 18. Qg3 h6 19. Nf3 Qd8 20. Bd2 Kh7 21. Kh1 Rg8 22. Rg1 g6 23. Qh2 gxh5 24. Qxh5 Rg6 25. dxc5 bxc5 26. e4 dxe4 27. Ng5+ Bxg5 28. fxg5 Ne5 29. Bf4 Nd3 30. Rd2 Reg8 31. Be3 Rxg5 32. Bxg5 Rxg5 33. Qxf7+ Rg7 34. Qh5 e3 0-1

[Event "BL2-Nord 1314"]
[Site "Germany"]
[Date "2014.03.16"]
[Round "8.5"]
[White "Mueller, Oliver"]
[Black "Polischuk, Viktor"]
[Result "1/2-1/2"]
[WhiteElo "2305"]
[BlackElo "2316"]
[PlyCount "51"]
[EventDate "2013.10.13"]
[EventType "team-tourn"]
[EventRounds "9"]
[EventCountry "GER"]
[SourceTitle "EXT 2015"]
[Source "ChessBase"]
[SourceDate "2014.11.20"]
[SourceVersion "1"]
[SourceVersionDate "2014.11.20"]
[SourceQuality "1"]
[WhiteTeam "Werder Bremen II"]
[BlackTeam "Norderstedt"]
[WhiteTeamCountry "GER"]
[BlackTeamCountry "GER"]

1. d4 Nf6 2. c4 e6 3. g3 Bb4+ 4. Bd2 Qe7 5. Nf3 Nc6 6. Nc3 Bxc3 7. Bxc3 Ne4 8. Rc1 d6 9. d5 Nxc3 10. Rxc3 Nd8 11. dxe6 Nxe6 12. Bg2 0-0 13. 0-0 Bd7 14. Nd4 Nxd4 15. Qxd4 Bc6 16. Bd5 Qxe2 17. Re3 Qc2 18. Re7 Bxd5 19. Qxd5 Qxb2 20. Rxc7 Qxa2 21. Re1 Rac8 22. Rxc8 Rxc8 23. Re7 Rf8 24. Rxb7 Qa1+ 25. Kg2 Qe5 26. Rxa7 1/2-1/2

[Event "BL2-Nord 1112"]
[Site "Germany"]
[Date "2012.03.18"]
[Round "8.5"]
[White "Polischuk, Viktor"]
[Black "Meissner, Felix"]
[Result "1/2-1/2"]
[WhiteElo "2321"]
[BlackElo "2291"]
[PlyCount "50"]
[EventDate "2011.10.02"]
[EventType "team-tourn"]
[EventRounds "9"]
[EventCountry "GER"]
[SourceTitle "EXT 2015"]
[Source "ChessBase"]
[SourceDate "2014.11.20"]
[SourceVersion "1"]
[SourceVersionDate "2014.11.20"]
[SourceQuality "1"]
[WhiteTeam "Norderstedt"]
[BlackTeam "Hamburger SK II"]
[WhiteTeamCountry "GER"]
[BlackTeamCountry "GER"]

1. e4 c5 2. Nf3 d6 3. d3 Nc6 4. Be2 g6 5. 0-0 Bg7 6. c3 Nf6 7. h3 0-0 8. Bg5 Rb8 9. a4 a6 10. Qd2 b5 11. axb5 axb5 12. Qe3 Qb6 13. Na3 Ba6 14. d4 cxd4 15. cxd4 d5 16. Bxf6 Bxf6 17. e5 Bg7 18. Nc2 Rfc8 19. Qd2 Ra8 20. Nb4 Nxb4 21. Qxb4 e6 22. Qa5 Qc6 23. Bd3 Bh6 24. Rfd1 Rcb8 25. Qb4 Bf8 1/2-1/2

[Event "BL2-Nord 1112"]
[Site "Germany"]
[Date "2012.02.05"]
[Round "6.5"]
[White "Lichmann, Peter"]
[Black "Polischuk, Viktor"]
[Result "1-0"]
[WhiteElo "2298"]
[BlackElo "2321"]
[PlyCount "75"]
[EventDate "2011.10.02"]
[EventType "team-tourn"]
[EventRounds "9"]
[EventCountry "GER"]
[SourceTitle "EXT 2015"]
[Source "ChessBase"]
[SourceDate "2014.11.20"]
[SourceVersion "1"]
[SourceVersionDate "2014.11.20"]
[SourceQuality "1"]
[WhiteTeam "Werder Bremen II"]
[BlackTeam "Norderstedt"]
[WhiteTeamCountry "GER"]
[BlackTeamCountry "GER"]

1. b3 e5 2. Bb2 d6 3. e3 Bf5 4. Nf3 c6 5. c4 Nf6 6. Nc3 Be7 7. Be2 0-0 8. 0-0 Na6 9. d3 h6 10. a3 Qd7 11. b4 Nc7 12. Qb3 Rfe8 13. Rfd1 Bf8 14. Rac1 Qe7 15. a4 Rad8 16. Ba3 d5 17. d4 e4 18. Nd2 Bg4 19. Bxg4 Nxg4 20. h3 Nf6 21. cxd5 Ncxd5 22. Nxd5 Rxd5 23. Nc4 Rg5 24. Kf1 Nd5 25. b5 Qc7 26. Ne5 Bxa3 27. Qxa3 Rexe5 28. dxe5 Qxe5 29. Kg1 Qf5 30. Qd6 Kh7 31. bxc6 bxc6 32. Qh2 Nb4 33. Rd8 Nd3 34. Rf1 Ne5 35. Qf4 Qxh3 36. Qxe4+ Ng6 37. f4 f5 38. Qf3 1-0

[Event "BL2-Nord 0910"]
[Site "Germany"]
[Date "2010.03.21"]
[Round "8.5"]
[White "Polischuk, Viktor"]
[Black "Glantz, Robert"]
[Result "1-0"]
[WhiteElo "2314"]
[BlackElo "2228"]
[PlyCount "115"]
[EventDate "2009.10.18"]
[EventType "team-tourn"]
[EventRounds "9"]
[EventCountry "GER"]
[SourceTitle "EXT 2011"]
[Source "ChessBase"]
[SourceDate "2010.11.26"]
[SourceVersion "1"]
[SourceVersionDate "2010.11.26"]
[SourceQuality "1"]
[WhiteTeam "Norderstedt"]
[BlackTeam "Schachfreunde"]
[WhiteTeamCountry "GER"]
[BlackTeamCountry "GER"]

1. e4 c5 2. Nf3 d6 3. d4 cxd4 4. Nxd4 Nf6 5. Nc3 a6 6. Be2 e5 7. Nf3 h6 8. Be3 Be6 9. Qd2 Nbd7 10. h3 Rc8 11. g4 Nc5 12. Bxc5 Rxc5 13. g5 Nh5 14. gxh6 Rxh6 15. Ng5 Nf4 16. Nxe6 fxe6 17. 0-0-0 Be7 18. Kb1 Bg5 19. h4 Rxh4 20. Rxh4 Bxh4 21. Bg4 Ke7 22. f3 g5 23. Na4 Rc4 24. Nc3 Rd4 25. Qh2 Qb6 26. Rf1 Rb4 27. Nd1 Qb5 28. Rh1 a5 29. a3 Rd4 30. c3 Rd3 31. Qc2 Qc5 32. b4 Qc6 33. Kb2 b5 34. bxa5 d5 35. exd5 Qxd5 36. Kc1 e4 37. Nb2 exf3 38. Nxd3 Nxd3+ 39. Kb1 f2 40. Rd1 Qg2 41. Qxd3 Qxg4 42. Qd8+ Kf7 43. Rd7+ Kg6 44. Qg8+ Kf5 45. Qf7+ Ke5 46. Qg7+ Kf4 47. Rf7+ Kg3 48. Qe5+ Kg2 49. a6 Qd1+ 50. Kb2 f1Q 51. Qe4+ Kh2 52. Rxf1 Qxf1 53. a7 Qf2+ 54. Qc2 Qxc2+ 55. Kxc2 g4 56. a8Q g3 57. Qe4 Bg5 58. Qxe6 1-0

[Event "Bargteheide op"]
[Site "Bargteheide"]
[Date "2008.05.03"]
[Round "6"]
[White "Polischuk, Viktor"]
[Black "Kopylov, Michael"]
[Result "0-1"]
[WhiteElo "2305"]
[BlackElo "2453"]
[PlyCount "36"]
[EventDate "2008.05.01"]
[EventType "swiss"]
[EventRounds "7"]
[EventCountry "GER"]
[SourceTitle "CBM 124 Extra"]
[Source "ChessBase"]
[SourceDate "2008.07.03"]
[SourceVersion "1"]
[SourceVersionDate "2008.07.03"]
[SourceQuality "1"]

1. c4 Nf6 2. d4 c5 3. d5 b5 4. cxb5 a6 5. bxa6 Bxa6 6. Nc3 g6 7. Nf3 Bg7 8. g3 d6 9. Bg2 Nbd7 10. 0-0 Nb6 11. Rb1 Bc4 12. b3 Nbxd5 13. Nxd5 Bxd5 14. a4 Be4 15. Rb2 0-0 16. Bg5 Rb8 17. Nd2 Bxg2 18. Kxg2 Ne4 0-1

[Event "Bargteheide op"]
[Site "Bargteheide"]
[Date "2008.05.01"]
[Round "1"]
[White "Polischuk, Viktor"]
[Black "Becker, Thomas"]
[Result "1/2-1/2"]
[WhiteElo "2305"]
[BlackElo "2028"]
[PlyCount "86"]
[EventDate "2008.05.01"]
[EventType "swiss"]
[EventRounds "7"]
[EventCountry "GER"]
[SourceTitle "CBM 124 Extra"]
[Source "ChessBase"]
[SourceDate "2008.07.03"]
[SourceVersion "1"]
[SourceVersionDate "2008.07.03"]
[SourceQuality "1"]

1. c4 e5 2. Nc3 Nf6 3. g3 c6 4. Nf3 e4 5. Nd4 d5 6. cxd5 Qb6 7. e3 cxd5 8. Bg2 Nc6 9. Nxc6 bxc6 10. d3 exd3 11. Qxd3 Ba6 12. Qd4 Bd6 13. Qxb6 axb6 14. e4 dxe4 15. Bg5 0-0 16. Bxf6 gxf6 17. 0-0-0 Bb4 18. Nxe4 Be2 19. Rd4 c5 20. Rxb4 cxb4 21. Nxf6+ Kg7 22. Bxa8 Rxa8 23. Re1 Bc4 24. Nh5+ Kh6 25. Nf4 Rxa2 26. Kc2 b5 27. h4 Ra6 28. Re5 b3+ 29. Kd2 Ra1 30. Re1 Ra6 31. Kc3 Rd6 32. Ra1 Kg7 33. Rc1 Kf6 34. Re1 Kg7 35. g4 h6 36. Ra1 Kf8 37. Re1 Kg7 38. Nh5+ Kg6 39. Nf4+ Kg7 40. Ra1 Kf8 41. g5 hxg5 42. hxg5 Kg7 43. Re1 Kf8 1/2-1/2

[Event "BL2-Nord 0708"]
[Site "Germany"]
[Date "2008.01.20"]
[Round "5.3"]
[White "Polischuk, Viktor"]
[Black "Muse, Mladen"]
[Result "1/2-1/2"]
[WhiteElo "2305"]
[BlackElo "2447"]
[PlyCount "45"]
[EventDate "2007.10.21"]
[EventType "team-tourn"]
[EventRounds "9"]
[EventCountry "GER"]
[SourceTitle "EXT 2009"]
[Source "ChessBase"]
[SourceDate "2008.11.26"]
[SourceVersion "1"]
[SourceVersionDate "2008.11.26"]
[SourceQuality "1"]
[WhiteTeam "Norderstedt "]
[BlackTeam "Koenig Tegel"]
[WhiteTeamCountry "GER"]
[BlackTeamCountry "GER"]

1. e4 g6 2. d4 Bg7 3. Nc3 d6 4. f4 Nd7 5. Nf3 c6 6. Be3 Ngf6 7. e5 Nd5 8. Nxd5 cxd5 9. Bd3 Qb6 10. Qd2 e6 11. 0-0 0-0 12. g4 dxe5 13. fxe5 Qxb2 14. Bh6 f6 15. exf6 Rxf6 16. Rfb1 Qa3 17. Bxg7 Kxg7 18. g5 Rf7 19. Qe3 Qd6 20. Bb5 b6 21. Bxd7 Bxd7 22. Ne5 Rf5 23. Ng4 1/2-1/2

[Event "Bargteheide op"]
[Site "Bargteheide"]
[Date "2007.05.19"]
[Round "6"]
[White "Schmidt, Harald"]
[Black "Polischuk, Viktor"]
[Result "1-0"]
[WhiteElo "2355"]
[BlackElo "2278"]
[PlyCount "107"]
[EventDate "2007.05.17"]
[EventType "swiss"]
[EventRounds "7"]
[EventCountry "GER"]
[SourceTitle "EXT 2010"]
[Source "ChessBase"]
[SourceDate "2010.11.25"]
[SourceVersion "1"]
[SourceVersionDate "2010.11.25"]
[SourceQuality "1"]

1. e4 c5 2. Nf3 e6 3. d4 cxd4 4. c3 d3 5. Bxd3 d6 6. 0-0 Nc6 7. c4 Be7 8. Nc3 Nf6 9. b3 0-0 10. Bb2 a6 11. Qe2 Qc7 12. Rac1 Ne5 13. Bb1 Qc5 14. Na4 Nxf3+ 15. Qxf3 Qc7 16. c5 e5 17. cxd6 Qxd6 18. Qg3 Nd7 19. Nc3 Qh6 20. Nd5 Bg5 21. Rc7 Bf4 22. Nxf4 exf4 23. Qd3 Nf6 24. e5 Nh5 25. Ba3 Re8 26. Be7 g6 27. Qc3 Ng7 28. Bf6 Be6 29. Be4 Nf5 30. Bxb7 Rab8 31. Bxa6 Ra8 32. Bc4 Rxa2 33. Bxe6 fxe6 34. Rc8 Qf8 35. Qc6 Ng7 36. Rxe8 Qxe8 37. Qc4 Nh5 38. Rd1 Nxf6 39. exf6 Ra7 40. h4 f3 41. g4 Kf7 42. g5 Qb8 43. Qc6 Qb7 44. Qc5 Ra8 45. b4 Rc8 46. Qd4 Rb8 47. Qd6 Rc8 48. b5 Rc4 49. Qd7+ Qxd7 50. Rxd7+ Kg8 51. b6 Rg4+ 52. Kh2 Rg2+ 53. Kh3 Rxf2 54. b7 1-0

[Event "Oberliga Nord N 0607"]
[Site "Germany"]
[Date "2007.03.18"]
[Round "7.1"]
[White "Polischuk, Viktor"]
[Black "Scheerer, Christoph"]
[Result "1/2-1/2"]
[WhiteElo "2278"]
[BlackElo "2419"]
[PlyCount "42"]
[EventDate "2006.10.15"]
[EventType "team-tourn"]
[EventRounds "9"]
[EventCountry "GER"]
[SourceTitle "EXT 2019"]
[Source "ChessBase"]
[SourceDate "2018.10.10"]
[SourceVersion "1"]
[SourceVersionDate "2018.10.10"]
[SourceQuality "1"]
[WhiteTeam "Neumuenster Agon"]
[BlackTeam "Kiel Meerbauer"]
[WhiteTeamCountry "GER"]
[BlackTeamCountry "GER"]

1. e4 Nc6 2. d4 d5 3. exd5 Qxd5 4. Nf3 Bg4 5. Be2 0-0-0 6. c4 Qf5 7. Be3 Bxf3 8. Bxf3 Nxd4 9. Bxd4 Qe6+ 10. Be2 Qe4 11. 0-0 Rxd4 12. Qa4 Qxe2 13. Qxa7 Qxb2 14. Na3 Rd3 15. Qa8+ Kd7 16. Rad1 Rxd1 17. Rxd1+ Ke6 18. Qxf8 c6 19. h3 Kf6 20. Rd3 Qc1+ 21. Kh2 Qf4+ 1/2-1/2